<?xml version="1.0" encoding="UTF-8"?>
<record
    xmlns:xsi="http://www.w3.org/2001/XMLSchema-instance"
    xsi:schemaLocation="http://www.loc.gov/MARC21/slim http://www.loc.gov/standards/marcxml/schema/MARC21slim.xsd"
    xmlns="http://www.loc.gov/MARC21/slim">

  <leader>00660nam a2200145Ia 4500</leader>
  <controlfield tag="001">4052</controlfield>
  <controlfield tag="008">241024s9999    xx            000 0 und d</controlfield>
  <datafield tag="082" ind1=" " ind2=" ">
    <subfield code="a">RD/371.2/R426r/2014</subfield>
  </datafield>
  <datafield tag="100" ind1=" " ind2=" ">
    <subfield code="a">Rep&#xFA;blica Dominicana. C&#xE1;mara de Cuentas de la Rep&#xFA;blica</subfield>
  </datafield>
  <datafield tag="245" ind1=" " ind2="0">
    <subfield code="a">Resoluci&#xF3;n AUD-2014-016 emanada de la sesi&#xF3;n ordinadria celebrada por el pleno en fecha 6 de mayo del 2014. Informe Legal. Informe de auridtor&#xED;a Financiera y de gesti&#xF3;n practicada por la C&#xE1;mara de Ccuentas de la rep&#xFA;blica, al Ministerio de Educaci&#xF3;n de la Rep&#xFA;blica Dominicana (MINERD).</subfield>
  </datafield>
  <datafield tag="260" ind1=" " ind2=" ">
    <subfield code="b">Santo Domingo</subfield>
    <subfield code="c">2014</subfield>
  </datafield>
  <datafield tag="590" ind1=" " ind2=" ">
    <subfield code="a">si</subfield>
  </datafield>
  <datafield tag="901" ind1=" " ind2=" ">
    <subfield code="a">29/2/2016 2:50:44 p.m.</subfield>
  </datafield>
  <datafield tag="999" ind1=" " ind2=" ">
    <subfield code="c">8873</subfield>
    <subfield code="d">8873</subfield>
  </datafield>
</record>
